Accidentes de tránsito en Costa Rica; 1971 /

Enregistré dans:
Détails bibliographiques
Collectivités auteurs: Costa Rica. Ministerio de Economía, Industria y Comercio. Dirección General de Estadística y Censos, Instituto Nacional de Seguros (Costa Rica)
Format: Texte
Publié: San José :
Tags: Ajouter un tag
Pas de tags, Soyez le premier à ajouter un tag!

MARC

LEADER 00000 a a2200000 04500
001 17550
003
040
090 |a 000500  
110 |a Costa Rica. Ministerio de Economía, Industria y Comercio. Dirección General de Estadística y Censos  
245 |a Accidentes de tránsito en Costa Rica; 1971 /  |c Costa Rica. Ministerio de Economía, Industria y Comercio. Dirección General de Estadística y Censos  
260 |a San José :  
300 |a 44 p  
710 |a Instituto Nacional de Seguros (Costa Rica)  
999 |c 1061  |d 1061